[Event "Oberfranken-ch"]
[Site "Kronach"]
[Date "2023.11.05"]
[Round "7"]
[White "Moenius, Oliver"]
[Black "Trinkwalter, Jan"]
[Result "1/2-1/2"]
[WhiteElo "1841"]
[BlackElo "1705"]
[PlyCount "37"]
[EventDate "2023.11.02"]
[EventType "swiss"]
[EventRounds "7"]
[EventCountry "GER"]
[SourceTitle "CB46_2023"]
[SourceDate "2023.11.15"]
[SourceVersion "1"]
[SourceVersionDate "2023.11.15"]
[SourceQuality "1"]

1. e4 e6 2. d4 d5 3. Nd2 Nf6 4. e5 Nfd7 5. Bd3 c5 6. c3 Nc6 7. Ne2 cxd4 8. cxd4 Be7 9. 0-0 Qb6 10. Nf3 h6 11. Bc2 Qc7 12. Bd2 0-0 13. Rc1 Qd8 14. Ng3 f6 15. exf6 Bxf6 16. Be3 Re8 17. Nh5 Nf8 18. Qd2 Qe7 19. Rfe1 1/2-1/2

[Event "Schweinfurt op 23rd"]
[Site "Schweinfurt"]
[Date "2013.06.02"]
[Round "6"]
[White "Trinkwalter, Jan"]
[Black "Steinerstauch, Bernd"]
[Result "1-0"]
[WhiteElo "1688"]
[BlackElo "1435"]
[PlyCount "87"]
[EventDate "2013.05.30"]
[EventType "swiss"]
[EventRounds "7"]
[EventCountry "GER"]
[SourceTitle "CBM 154 Extra"]
[Source "ChessBase"]
[SourceDate "2013.06.25"]
[SourceVersion "2"]
[SourceVersionDate "2013.06.25"]
[SourceQuality "1"]

1. f4 d5 2. Nf3 Bg4 3. e3 Nc6 4. Bb5 Qd6 5. h3 Bxf3 6. Qxf3 Nf6 7. b3 a6 8. Bxc6+ Qxc6 9. Nc3 e6 10. Bb2 Bb4 11. Rc1 Bxc3 12. Bxc3 Ne4 13. Bxg7 Rg8 14. Bb2 Ng3 15. Rg1 0-0-0 16. c4 h5 17. cxd5 Qxd5 18. Qxd5 Rxd5 19. Be5 c6 20. Rc4 f5 21. Rd4 Rc5 22. Kd1 Rc1+ 23. Kxc1 Ne2+ 24. Kd1 Nxg1 25. Rd6 Rxg2 26. Rxe6 Nxh3 27. Rf6 Nf2+ 28. Kc2 Ne4 29. Rxf5 Rxd2+ 30. Kc1 h4 31. Rh5 Re2 32. Rxh4 Rxe3 33. Rh8+ Kd7 34. Rh7+ Ke6 35. Rxb7 Nc5 36. Bd4 Nxb7 37. Bxe3 Kf5 38. Kc2 Nd8 39. Kc3 Ne6 40. Kc4 Ke4 41. Bc1 a5 42. b4 axb4 43. Kxb4 c5+ 44. Kc4 1-0

[Event "Schweinfurt op 23rd"]
[Site "Schweinfurt"]
[Date "2013.05.30"]
[Round "2"]
[White "Trinkwalter, Jan"]
[Black "Brueckner, Alexander"]
[Result "1-0"]
[WhiteElo "1688"]
[BlackElo "1202"]
[PlyCount "125"]
[EventDate "2013.05.30"]
[EventType "swiss"]
[EventRounds "7"]
[EventCountry "GER"]
[SourceTitle "CBM 154 Extra"]
[Source "ChessBase"]
[SourceDate "2013.06.25"]
[SourceVersion "2"]
[SourceVersionDate "2013.06.25"]
[SourceQuality "1"]

1. f4 d5 2. Nf3 Nc6 3. e3 Nf6 4. Bb5 Bd7 5. b3 a6 6. Bxc6 Bxc6 7. Bb2 e6 8. d3 Be7 9. Nbd2 0-0 10. Ne5 Qd6 11. 0-0 Rfd8 12. a4 Nd7 13. Ba3 Nc5 14. d4 Re8 15. Bxc5 Qd8 16. Bxe7 Qxe7 17. Nxc6 bxc6 18. Nf3 f6 19. Qd3 Reb8 20. Qc3 Qd6 21. Qc5 Rb4 22. Qxd6 cxd6 23. Ne1 Rb6 24. Nd3 a5 25. f5 Re8 26. Rae1 Kf7 27. fxe6+ Rxe6 28. Re2 Rb7 29. Rf3 Rbe7 30. Kf2 Rb7 31. Rh3 Kg8 32. Rh4 Re4 33. Rxe4 dxe4 34. Nb2 d5 35. Ke1 Kf7 36. Kd2 Ke6 37. Nd1 Kd6 38. Kc3 Ke6 39. Nf2 Kf5 40. Kb2 Rb6 41. Ka3 Ke6 42. c3 Kd6 43. b4 Ra6 44. b5 Rb6 45. Rb2 c5 46. dxc5+ Kxc5 47. Kb3 Rb7 48. Rd2 Rb6 49. Nh3 g5 50. Rd4 Rd6 51. Nf2 h5 52. c4 dxc4+ 53. Rxc4+ Kb6 54. Rxe4 Kc5 55. Rc4+ Kb6 56. Rc6+ Rxc6 57. bxc6 Kxc6 58. Kc4 Kb6 59. Ne4 f5 60. Nxg5 Kc6 61. e4 fxe4 62. Nxe4 Kb6 63. h4 1-0

[Event "Oberfranken-ch U18 0809"]
[Site "Schney"]
[Date "2009.01.03"]
[Round "3"]
[White "Trinkwalter, Jan"]
[Black "Stoecklein, Chris"]
[Result "1/2-1/2"]
[WhiteElo "1281"]
[BlackElo "1351"]
[PlyCount "48"]
[EventDate "2009.01.02"]
[EventType "tourn"]
[EventRounds "7"]
[EventCountry "GER"]
[SourceTitle "EXT 2012"]
[Source "ChessBase"]
[SourceDate "2011.11.24"]
[SourceVersion "1"]
[SourceVersionDate "2011.11.24"]
[SourceQuality "1"]

1. d4 d5 2. c4 Nc6 3. e3 e5 4. dxe5 dxc4 5. Qxd8+ Nxd8 6. Bxc4 Nc6 7. Nf3 Bg4 8. Nbd2 Bb4 9. 0-0 Bxd2 10. Bxd2 Bxf3 11. gxf3 Nxe5 12. Bc3 f6 13. Bxe5 fxe5 14. Rac1 0-0-0 15. Rfd1 Ne7 16. Be6+ Kb8 17. Rd7 Rxd7 18. Bxd7 Rd8 19. Bg4 Rd2 20. Rc5 Nc6 21. Rb5 g6 22. Bh3 a6 23. Rb3 Na5 24. Rb4 Nc6 1/2-1/2